| 000 | 00779nam a22002057a 4500 | ||
|---|---|---|---|
| 999 |
_c5251 _d5251 |
||
| 003 | AR-CdUCM | ||
| 008 | 190312b ||||| |||| 00| 0 spa d | ||
| 040 |
_aMUNICIPALIDAD PROVINCIAL DEL CUSCO _cBIBLIOTECA MUNICIPAL DEL CUSCO |
||
| 082 |
_a373.85 / _bB25 |
||
| 100 |
_aBarrantes, Emilio _93583 |
||
| 245 | _aLa enseñanza secundaria en el Perú y la educación nueva / | ||
| 260 |
_aLima : _bEmpr. Gráf. Scheuch, _c1946. |
||
| 300 |
_a193 páginas ; _c22 cm. |
||
| 505 | _aContenido: Crítica del colegio actual -- La educación nueva y el colegio -- Lineamientos de la reforma de la educación secundaria en el Perú. | ||
| 650 |
_aEducación secundaria _94648 |
||
| 650 |
_aPerú _935 |
||
| 650 |
_aOrganización, disciplina _915904 |
||
| 942 |
_2ddc _cLIBROS |
||
| 945 | _aachl | ||